000 00739pam a2200229 a 4500
001 2789417
003 ARRUPE
005 20131126171818.0
008 810805r19821981nyu 000 1 eng
010 _a 81052447
020 _z0394750805 (pbk.) :
_c$2.95
040 _aDLC
_cDLC
_dDLC
050 1 0 _aPS3553.A7894
_bW4 1982
100 1 _aCarver, Raymond,
_d1938-1988.
_94045
245 1 0 _aWhat we talk about when we talk about love :
_bstories /
_cby Raymond Carver.
250 _a1st Vintage Books ed.
260 _aNew York :
_bVintage Books,
_c1982, c1981.
300 _a159 p. ;
_c19 cm.
500 _aOriginally published: New York : Knopf, 1981.
906 _a7
_bcbc
_corignew
_d1
_eocip
_f19
_gy-gencatlg
942 _2lcc
_cMONOGRAPH
999 _c118737
_d118737